000 00466nam a2200193Ia 4500
008 240510s9999 xx 000 0 und d
020 _a0000764508954
041 _aEng
082 _a006.78
082 _bL22
100 _aLeete G & Finkelstein E
245 0 _aMacromedia Flash MX for Dummies :( With CD)
260 _bOriginal USA Computer Book
260 _c2002
300 _a376 p.
650 _aFlash MX : Web Design
942 _2ddc
942 _cRBK
999 _c27853
_d27853
945 _a1
_bMadushi Gamage
_c1
_dMadushi Gamage